000 01003nam a2200337 i 4500
001 122485
005 20230410115640.0
008 790515s1979 mau b 001 0 eng
010 _a78069573
020 _a0395266599
040 _aDLC
_cDLC
_dDLC
050 1 4 _aHF1411
_b.G778 1979
082 0 0 _a382.1
100 1 _aGray, H. Peter.
245 1 0 _aInternational trade, investment, and payments /
_cH. Peter Gray.
260 _aBoston :
_bHoughton Mifflin,
_cc1979.
300 _axv, 669 p. :
_bgraphs ;
_c25 cm.
504 _aIncluye referencias bibligráficas e indice.
650 0 _aCommercial policy.
650 0 _aInternational economic relations.
650 0 _aInternational finance.
650 0 _aBalance of payments.
650 4 _aCRV
650 4 _aColección René Villarreal.
650 4 _aPolítica Comercial.
650 4 _aRelaciones económicas internacionales.
650 4 _aFinanza internacional.
650 4 _aBalance de pagos.
942 _2lcc
_cbk
946 _almd
999 _c45320
_d45320